000 00482ntaaa2200193 4500
003 01
005 20251027203124.0
008 0714s1973 ag 01
040 _aAR-BaBN
_bspa
_cAR-BaBN
_eaacr
_dRIC
082 _a301.4200 C26
100 _aCasa Bautista de Publicaciones
_99284
245 _aLos conflictos matrimoniales
250 _a1 ed.
260 _ael Paso :
_bCasa Bta. de Publ.,
_cs.f.
300 _as.p.
650 _aautor
_923984
650 _amatrimonio
942 _cBK
999 _c26677
_d26677